000 00570nam a2200181Ia 4500
008 100920s9999 xx 000 0 und d
082 _b55393
_a24 थ 88
100 _aक्षेत्रमाडे सुमति.
245 _aसिंधुदुर्ग.
260 _bप्रिया प्रकाशन,मुंबई 4.
_c1988
300 _a172
_bसाधी
365 _b40
520 _aसायो.
630 _aसिंधुदुर्ग.
650 _aसायो.
730 _aसिंधुदुर्ग.
942 _cBOOK
999 _c699834
_d699831